• 首页
  • 本馆介绍
  • 公告通知
  • 最新文献
  • 馆藏检索
  • 电子资源
  • 读者导购
  • 参考咨询
  • 我的图书馆
  • 登录
  • 详细信息显示
  • 放入我的书架
  • 预约/预借图书
  • 作者相关作品
  • 分类相关作品
  • 丛书相关作品
  • 出版社相关作品

书目信息

  • 表格格式
  • 工作单格式
  • 卡片格式
题名:
现代汉语通用字笔顺规范
    
 
作者: ;国家语言文字工作委员会标准化工作委员会 编
分册:  
出版信息: 北京   语文出版社  1997
页数: 453页
开本: 26cm
丛书名:
单 册:
中图分类: H124.5
科图分类:
主题词: 汉字--通用字--书写规则 , 汉字 , 通用字 , 书写规则
电子资源:
ISBN: 7-80126-201-8
000 00804nam0 2200253 450
001 1234914093
005 20121016094239.00
010    @a7-80126-201-8@dCNY38
100    @a19950512d1997 em y0chiy0110 ea
101 0  @achi
102    @aCN@b110000
105    @ay z 000yy
200 1  @a现代汉语通用字笔顺规范@Axian dai han yu tong yong zi bi shun gui fan@f国家语言文字工作委员会标准化工作委员会编
210    @a北京@c语文出版社@d1997
215    @a453页@d26cm
606 0  @a汉字@x通用字@x书写规则
606 0  @a汉字
606 0  @a通用字
606 0  @a书写规则
610 0  @a笔顺
690    @aH124.5@v3
711 02 @a国家语言文字工作委员会标准化工作委员会@Aguo jia yu yan wen zi gong zuo wei yuan hui biao zhun hua gong zuo wei yuan hui@4编
801  0 @aCN@bNLC@c20101222
905    @a10447@dH124.5@eJY2
    
    现代汉语通用字笔顺规范/国家语言文字工作委员会标准化工作委员会编.-北京:语文出版社,1997
    453页;26cm
    
    
    ISBN 7-80126-201-8:CNY38
    
●
相关链接 在E读中查询图书 在五车中查询图书 在当当中查询图书 在豆瓣中查询图书


正题名:现代汉语通用字笔顺规范     索取号:H124.5/JY2         预约/预借

序号 登录号 条形码 馆藏地/架位号 状态 备注
1 7829479   278294793   学院路分馆/ [索取号:H124.5/JY2] 在馆    
2 7829480   278294800   学院路分馆/ [索取号:H124.5/JY2] 在馆    
3 7829481   278294819   学院路分馆/ [索取号:H124.5/JY2] 在馆    
唐山师范学院图书馆 欢迎您!
大连网信软件有限公司© 版权所有